| 000 | 00570nam a2200193Ia 4500 | ||
|---|---|---|---|
| 008 | 160319s9999 xx 000 0 und d | ||
| 245 | _aLearning to read with phonics : | ||
| 245 | _bletters and words / | ||
| 245 | _cBarabara Phipps ; Jane Hall ; Tom Kroutil | ||
| 260 | _aPhilippines : | ||
| 260 | _bMagnavision. | ||
| 300 | _a1 videodisc (approximately 76 min.) : | ||
| 300 | _bsound, colored ; | ||
| 300 | _c4 3/4 in. | ||
| 650 | _aReading -- | ||
| 650 | _aReading -- Phonetic method -- | ||
| 650 | _xJuvenile films. | ||
| 650 | _xPhonetic method. | ||
| 999 |
_c292707 _d292707 |
||